[Event "Politiken Cup"]
[Site "Copenhagen"]
[Date "1981.??.??"]
[Round "10"]
[White "Bjerring, Kai"]
[Black "From, Sigfred"]
[Result "0-1"]
[WhiteElo "2325"]
[BlackElo "2225"]

1.Nf3 Nf6 2.c4 g6 3.d4 Bg7 4.Nc3 d6 5.e4 O-O 6.Be2 e5 7.O-O Nc6 8.d5 Ne7
9.Ne1 Nd7 10.Nd3 f5 11.Bd2 Nf6 12.f3 f4 13.c5 g5 14.h3 h5 15.cxd6 cxd6 16.Nf2 Ng6
17.Qb3 Rf7 18.Rfc1 Bf8 19.a4 Rg7 20.Nb5 Nh4 21.Qd1 Ne8 22.Rc3 b6 23.a5 bxa5
24.Rc2 g4 25.fxg4 hxg4 26.hxg4 Bd7 27.Bxa5 Qf6 28.Nc7 Rb8 29.Be1 Rb3 30.Ra3 Rxa3
31.bxa3 Rh7 32.Nxe8 Bxe8 33.Rc8 Bd7 34.Ra8 f3 35.Bxf3 Qf4 36.a4 Qg3 37.Rxa7 Bxg4  0-1

[Event "Czestochowa"]
[Site "Czestochowa"]
[Date "1981.??.??"]
[Round "1"]
[White "Sygulski, Artur"]
[Black "Flis, Jacek"]
[Result "1-0"]
[WhiteElo "2200"]
[BlackElo "2310"]

1.d4 Nf6 2.c4 g6 3.Nc3 Bg7 4.e4 d6 5.Nf3 O-O 6.Be2 e5 7.O-O Nc6 8.d5 Ne7
9.Ne1 Nd7 10.Nd3 f5 11.Bd2 c5 12.f4 exf4 13.Bxf4 Bxc3 14.bxc3 fxe4 15.Ne1 Nf5
16.Qd2 Qe7 17.Nc2 Ne5 18.Bg5 Qe8 19.g4 Ng7 20.Rxf8+ Qxf8 21.Rf1 Qe8 22.Qf4 Bd7
23.Ne3 Rc8 24.Bf6 Nf7 25.h4 Qf8 26.h5 Ne8 27.hxg6 hxg6 28.Qxe4 Qh6 29.Bd3 Nxf6
30.Rxf6 Ne5 31.Rxd6 Qg5 32.Rxd7 Nxd7 33.Qxg6+ Qxg6 34.Bxg6 Ne5 35.Bf5 Rd8
36.Kf2 Kg7 37.Kg3 Nf7 38.Kf4 Rh8 39.Be6 Rh2 40.Nf5+ Kf6 41.Bxf7 Kxf7 42.a4 Ra2
43.Ke5 Rxa4 44.g5 Ra1 45.Nd6+ Ke7 46.Nxb7 Re1+ 47.Kf5 Rf1+ 48.Ke4 Re1+ 49.Kd3 Rd1+
50.Kc2 Rg1 51.Nxc5 Rxg5 52.Ne4 Rg2+ 53.Kd3 a5 54.c5 Kd7 55.Nd6 a4 56.Nc4 Kc7
57.c6 Rh2 58.Kd4 Rh3 59.Kc5 Rxc3 60.d6+ Kc8 61.Kb4 Rc1 62.Kb5 Rc3 63.Nb6+ Kd8
64.Nxa4 Rc1 65.Nc5 Rb1+ 66.Ka6 Kc8 67.Na4 Ra1 68.Ka5 Kd8 69.Kb5 Rb1+ 70.Kc4 Rc1+
71.Nc3 Rh1 72.Nb5 Rc1+ 73.Kd5 Rd1+ 74.Kc5 Rc1+ 75.Kb6 Rb1 76.Ka6 Rb2 77.Nd4 Kc8
78.Ka5 Rd2 79.Nb5 Ra2+ 80.Kb6 Rb2 81.Kc5 Rc2+ 82.Kd5 Rd2+ 83.Nd4 Rd1 84.Ke5 Kd8
85.Ne6+ Kc8 86.Nc5 Kd8 87.Ne6+ Kc8 88.Ng5 Kd8 89.Nf7+ Kc8 90.Ke6 Re1+ 91.Ne5 Kd8
92.Kf6 Rf1+ 93.Kg7 Rg1+ 94.Kf8 Rd1 95.c7+ Kc8 96.Ke7 Rd2 97.Nc4 Re2+ 98.Kf6 Rf2+
99.Ke6 Re2+ 100.Kd5 Kb7 101.Nb6 Rd2+ 102.Ke6 Rc2 103.c8=Q+  1-0

[Event "Czestochowa"]
[Site "Czestochowa"]
[Date "1981.??.??"]
[Round "4"]
[White "Kubik, Jan"]
[Black "Flis, Jacek"]
[Result "0-1"]
[WhiteElo "2290"]
[BlackElo "2310"]

1.d4 Nf6 2.c4 g6 3.Nc3 Bg7 4.e4 d6 5.Nf3 O-O 6.Be2 e5 7.O-O Nc6 8.d5 Ne7
9.Ne1 Nd7 10.Nd3 f5 11.Bd2 c5 12.Rb1 Nf6 13.f3 f4 14.b4 b6 15.bxc5 bxc5 16.Qa4 g5
17.Nb5 a6 18.Ba5 Qe8 19.Nc3 Qg6 20.Rb6 g4 21.Rxd6 g3 22.h3 Qh5 23.Re6 Bd7
24.Qa3 Bxe6 25.dxe6 Rac8 26.Nxc5 Nc6 27.Bb6 Rfe8 28.Nd5 Nd4 29.Bd3 Nxe6 30.Nxe6 Rxe6
31.Ne7+ Rxe7 32.Qxe7 Qf7 33.Qxf7+ Kxf7 34.Rb1 Bf8 35.Kf1 Rb8 36.Ke2 Nd7 37.Bc7 Rxb1
38.Bxb1 Ke6 39.c5 Nxc5 40.Kd2 Bd6 41.Ba5 Kd7 42.Kc3 Nb7 43.Bb6 Kc6 44.Ba7 Bc5
45.Bb8 Bd4+ 46.Kc4 Nd8 47.Bc2 Nf7 48.Ba4+ Kb7 49.Be8 Ng5  0-1

[Event "DDR-ch 30th"]
[Site "Fuerstenwalde"]
[Date "1981.??.??"]
[Round "6"]
[White "Tischbierek, Raj"]
[Black "Enders, Peter"]
[Result "0-1"]
[WhiteElo "2380"]
[BlackElo "2290"]

1.c4 Nf6 2.Nc3 g6 3.e4 d6 4.d4 Bg7 5.Nf3 O-O 6.Be2 Nc6 7.O-O e5 8.d5 Ne7
9.Nd2 c5 10.dxc6 bxc6 11.b4 d5 12.b5 d4 13.Na4 Rb8 14.Nc5 Nh5 15.Bxh5 gxh5
16.a4 Bg4 17.f3 Bc8 18.Ndb3 Ng6 19.Bd2 Qf6 20.Na5 cxb5 21.axb5 Rb6 22.Nd3 Re8
23.Nc6 a6 24.Ncb4 Ne7 25.bxa6 Bxa6 26.Qa4 Ra8 27.c5 Re6 28.Nd5 Nxd5 29.exd5 Ree8
30.c6 Qg6 31.c7 Bf8 32.Nxe5 Rxe5 33.Rf2 d3 34.Qd4 Rae8 35.Bc3 Qf6 36.Qa4 Bc5
37.Qxe8+ Rxe8 38.Bxf6 d2 39.Bc3 Re2 40.Kh1 Bxf2 41.d6 Bc8  0-1

[Event "Buna-Turnier"]
[Site "Halle"]
[Date "1981.??.??"]
[Round "2"]
[White "Moehring, Guenther"]
[Black "Uhlmann, Wolfgang"]
[Result "1-0"]
[WhiteElo "2405"]
[BlackElo "2510"]

1.Nf3 Nf6 2.c4 g6 3.Nc3 Bg7 4.e4 d6 5.d4 O-O 6.Be2 e5 7.O-O Nc6 8.d5 Ne7
9.Ne1 Nd7 10.Bd2 f5 11.Nd3 Nf6 12.f3 f4 13.c5 g5 14.cxd6 cxd6 15.Nf2 Ng6
16.Qc2 h5 17.h3 g4 18.fxg4 hxg4 19.hxg4 Ne8 20.a4 Bf6 21.Nh3 Bh4 22.Nd1 Rf7
23.Ndf2 Rh7 24.Ra3 Nf6 25.a5 Bd7 26.Qd1 Rc8 27.g5 Bxf2+ 28.Nxf2 Ne8 29.Bg4 Qxg5
30.Bxd7 Rxd7 31.Nh3 Qh6 32.Qg4 Nf6 33.Qe6+ Kg7 34.g4 Nf8 35.g5 Nxe6 36.gxh6+ Kxh6
37.dxe6 Rg7+ 38.Kh1 Nxe4 39.Nxf4 Nxd2 40.Rh3+ Kg5 41.Rg1+ Kxf4 42.Rxg7 Re8
43.Rf7+ Ke4 44.e7 Kd5 45.Rd3+ Ke6 46.Rf8 Ne4 47.Rxe8 Nf2+ 48.Kg2 Nxd3 49.Ra8 Kxe7
50.Rxa7 Kd8 51.Rxb7 Kc8 52.a6  1-0

[Event "DSV-Turnier"]
[Site "Halle"]
[Date "1981.??.??"]
[Round "2"]
[White "Vilela, Jose Luis"]
[Black "Pavlov, Mircea"]
[Result "1/2-1/2"]
[WhiteElo "2430"]
[BlackElo "2415"]

1.d4 Nf6 2.c4 g6 3.Nc3 Bg7 4.e4 d6 5.Be2 O-O 6.Nf3 e5 7.O-O Nc6 8.d5 Ne7
9.Nd2 a5 10.a3 Nd7 11.Rb1 f5 12.b4 axb4 13.axb4 Nf6 14.c5 Bh6 15.Bf3 Kh8
16.Nc4 Bxc1 17.Rxc1 g5 18.exf5 Nxf5 19.Be2 Nd4 20.Ne3 Bd7 21.Bd3 Qe7 22.cxd6 cxd6
23.Ne2 Rac8 24.Rxc8 Bxc8 25.Bb1 Nxe2+ 26.Qxe2 Qf7 27.Qd2 Ng4 28.Rc1 Nxe3
29.fxe3 Bd7 30.Be4 Bb5 31.h3 Qd7 32.Qc2 g4 33.hxg4 Qxg4 34.Bf3 Qg5 35.Qe4 Bd7  1/2-1/2

[Event "Buna-Turnier"]
[Site "Halle"]
[Date "1981.??.??"]
[Round "4"]
[White "Moehring, Guenther"]
[Black "Hausner, Ivan"]
[Result "1-0"]
[WhiteElo "2405"]
[BlackElo "2435"]

1.Nf3 Nf6 2.c4 g6 3.Nc3 Bg7 4.e4 d6 5.d4 O-O 6.Be2 e5 7.O-O Nc6 8.Be3 Ng4
9.Bg5 f6 10.Bh4 Qe8 11.dxe5 dxe5 12.Nd5 Rf7 13.b4 h5 14.h3 Nh6 15.b5 Nd8
16.c5 Ne6 17.Bc4 c6 18.bxc6 bxc6 19.Ne3 Bf8 20.Qc1 Kg7 21.Qc3 Ng8 22.Rad1 Rb7
23.Nxe5 fxe5 24.Qxe5+ Kh7 25.Rd8 Qf7 26.Bxe6 Bxe6 27.Rxa8 Bxa2 28.Rd1 Bg7
29.Qd6 Bb3 30.Rd3 Be6 31.Qxc6 Rb1+ 32.Rd1 Rb2 33.Qe8  1-0

[Event "Buna-Turnier"]
[Site "Halle"]
[Date "1981.??.??"]
[Round "7"]
[White "Hausner, Ivan"]
[Black "Antonov, Vladimir"]
[Result "1-0"]
[WhiteElo "2435"]
[BlackElo "2385"]

1.Nf3 Nf6 2.d4 g6 3.c4 Bg7 4.Nc3 O-O 5.e4 d6 6.Be2 e5 7.O-O Nc6 8.d5 Ne7
9.Ne1 c6 10.Nd3 cxd5 11.cxd5 Bd7 12.a4 Ne8 13.Qb3 Bc8 14.Bd2 f5 15.f3 Kh8
16.Rfc1 Ng8 17.Nf2 Rf7 18.Rc2 Bh6 19.Bxh6 Nxh6 20.Rac1 g5 21.Nb5 b6 22.Na3 Bb7
23.Bb5 Rc8 24.Bxe8 Qxe8 25.Nb5 Rxc2 26.Qxc2 Qb8 27.Qd2 f4 28.Qc3 Ng8 29.Nc7 Nf6
30.Ne6 h6 31.h3 Kh7 32.Nd3 Kg6 33.Nb4 h5 34.Nc6 Qg8 35.Kf2 g4 36.hxg4 hxg4
37.Nxe5+ dxe5 38.Qxe5 g3+ 39.Ke2 Ba6+ 40.Kd2 Nxe4+ 41.Qxe4+ Rf5 42.Nxf4+ Kg5
43.Nh3+  1-0

[Event "Helsinki"]
[Site "Helsinki"]
[Date "1981.??.??"]
[Round "9"]
[White "Turunen, Erkki O"]
[Black "Sznapik, Aleksander"]
[Result "1-0"]
[WhiteElo "2295"]
[BlackElo "2450"]

1.d4 Nf6 2.c4 g6 3.Nc3 d6 4.e4 Bg7 5.Be2 O-O 6.Nf3 e5 7.O-O Nc6 8.d5 Ne7
9.Bd2 Nh5 10.g3 Bh3 11.Re1 h6 12.Kh1 Nf6 13.Ng1 Bc8 14.b4 Ne8 15.Rc1 f5 16.exf5 Nxf5
17.Bd3 Nf6 18.Ne4 Nd4 19.Nxf6+ Qxf6 20.f4 Bf5 21.fxe5 dxe5 22.Bc3 Rae8 23.Be4 h5
24.Qd3 h4 25.g4 Bxe4+ 26.Qxe4 Kh7 27.Nh3 Bh6 28.Rf1 Qe7 29.Rce1 Rxf1+ 30.Rxf1 Rf8
31.Rxf8 Qxf8 32.Kg2 Qf6 33.b5 Bg7 34.Bd2 Qd6 35.Qe1 Bf6 36.Bg5 Qa3 37.Qf2 Bg7
38.Bd2 Kg8 39.Ng5 h3+ 40.Kg1  1-0

[Event "BKL-Turnier"]
[Site "Leipzig"]
[Date "1981.??.??"]
[Round "2"]
[White "Moehring, Guenther"]
[Black "Vokac, Marek"]
[Result "1/2-1/2"]
[WhiteElo "2375"]
[BlackElo "2315"]

1.Nf3 Nf6 2.c4 g6 3.Nc3 Bg7 4.e4 d6 5.d4 O-O 6.Be2 e5 7.O-O Nc6 8.Be3 Ng4
9.Bg5 f6 10.Bh4 Nh6 11.dxe5 dxe5 12.Qxd8 Nxd8 13.Nd5 Ne6 14.Ne7+ Kf7 15.Nxc8 Raxc8
16.Rfd1 Rfd8 17.b4 g5 18.Bg3 g4 19.Ne1 Nd4 20.Kf1 f5 21.exf5 Nxe2 22.Kxe2 Nxf5
23.Nc2 h5 24.Ne3 Nd4+ 25.Kf1 Bf6 26.Nd5 Nf5 27.h3 gxh3 28.gxh3 c6 29.Ne3 Nd4
30.Rac1 h4 31.Bh2 Nf3 32.Kg2 Nxh2 33.Kxh2 Bg5 34.Kg2 Ke6 35.Kf3 Rg8 36.Rg1 Rcf8+
37.Ke2 Bxe3 38.Kxe3 Rxg1 39.Rxg1 Rf4 40.Rg7 b6 41.Rg6+ Kd7  1/2-1/2

[Event "Ljubljana"]
[Site "Ljubljana"]
[Date "1981.??.??"]
[Round "10"]
[White "Jelen, Iztok"]
[Black "Djuric, Stefan"]
[Result "1/2-1/2"]
[WhiteElo "2415"]
[BlackElo "2460"]

1.d4 Nf6 2.Nf3 d6 3.c4 g6 4.Nc3 Bg7 5.e4 O-O 6.Be2 e5 7.O-O Nc6 8.d5 Ne7
9.Nd2 Nd7 10.b4 f5 11.f3 h5 12.c5 dxc5 13.bxc5 Nxc5 14.Ba3 b6 15.Bxc5 bxc5
16.Nc4 Bd7 17.Na4 fxe4 18.fxe4 Rxf1+ 19.Bxf1 Bxa4 20.Qxa4 Nc8 21.Qc6 Nd6
22.Bd3 Rb8 23.Qxc5 Nxc4 24.Bxc4 Qd6 25.Qxa7  1/2-1/2

[Event "Lone Pine op"]
[Site "Lone Pine"]
[Date "1981.??.??"]
[Round "?"]
[White "Shamkovich, Leonid"]
[Black "Shirazi, Kamran G"]
[Result "0-1"]
[WhiteElo "2495"]
[BlackElo "2350"]

1.d4 g6 2.c4 Bg7 3.Nf3 Nf6 4.Nc3 d6 5.e4 O-O 6.Be2 e5 7.O-O Nc6 8.d5 Ne7
9.b4 Nd7 10.Bd2 f5 11.Ng5 Nf6 12.f3 Nh5 13.g3 Bf6 14.exf5 gxf5 15.f4 Ng7
16.Rc1 Ng6 17.Kh1 a5 18.a3 axb4 19.axb4 Bxg5 20.fxg5 f4 21.Ne4 Bf5 22.Nf6+ Rxf6
23.gxf6 Qxf6 24.Qb3 Be4+ 25.Bf3 Qf5 26.g4 Bxf3+ 27.Qxf3 Qd7 28.Be1 Re8 29.Bc3 e4
30.Qh3 e3 31.Qh6 Re4 32.Ra1 Ne8 33.Ra8 e2 34.Rfa1 f3 35.Be1 Qxg4  0-1

[Event "POL-chT"]
[Site "Lubniewice"]
[Date "1981.??.??"]
[Round "2"]
[White "Luczak, Andrzej"]
[Black "Pytel, Krzysztof"]
[Result "0-1"]
[WhiteElo "2405"]
[BlackElo "2400"]

1.d4 Nf6 2.c4 g6 3.Nc3 Bg7 4.e4 d6 5.Be2 O-O 6.Nf3 e5 7.O-O Nc6 8.d5 Ne7
9.Bd2 Nh5 10.g3 f5 11.exf5 Nxf5 12.Ne4 Nf6 13.Bg5 h6 14.Bxf6 Bxf6 15.Rc1 Bg7
16.c5 dxc5 17.Rxc5 b6 18.Rc1 Bb7 19.Bc4 Kh7 20.Qb3 a6 21.Rfd1 Qe7 22.a4 Rad8
23.Re1 Kh8 24.Re2 Qd7 25.Rd1 g5 26.h3 Ne7 27.d6 Nc6 28.Be6 Qe8 29.d7 Qe7
30.Bg4 Nb8 31.Qd3 Bc6 32.Qc4 b5 33.Qc2 bxa4 34.Qc4 Bb5 35.Qc2 Bxe2 36.Qxe2 Nxd7
37.Qc4 Nb6 38.Qc2 Rxd1+ 39.Qxd1 Qb4 40.Qc2 Qb3 41.Qe2 Nc4 42.Nc5 Qxb2 43.Qe4 Nd6
44.Qg6 Qc1+ 45.Kg2 Qxc5  0-1

[Event "POL-chT"]
[Site "Lubniewice"]
[Date "1981.??.??"]
[Round "3"]
[White "Balicki, Cezary"]
[Black "Hawelko, Marek"]
[Result "1/2-1/2"]
[WhiteElo "2230"]
[BlackElo "2345"]

1.d4 Nf6 2.c4 d6 3.Nc3 g6 4.e4 Bg7 5.Nf3 O-O 6.Be2 e5 7.O-O Nc6 8.d5 Ne7
9.b4 Nh5 10.c5 Nf4 11.cxd6 cxd6 12.Be3 f5 13.Ne1 fxe4 14.Nxe4 Nf5 15.Bf3 Bd7
16.a4 h5 17.Ng3 Qh4 18.Rc1 Rf7 19.Kh1 Qe7 20.Rc7 Qe8 21.b5 a6 22.Nxf5 Bxf5
23.Rxf7 Qxf7 24.Bxf4 exf4 25.Nd3 axb5 26.axb5 Ra1 27.Qe2 Rxf1+ 28.Qxf1 Bd7
29.Qc1 Bxb5 30.Nxf4 Bh6 31.Qc8+ Qe8 32.Qxe8+ Bxe8 33.Ne6 Ba4 34.Be4 g5 35.Kg1 b5
36.Kf1 b4 37.Ke2 b3 38.Kd3 Bg7 39.Nxg7 Kxg7 40.Kc3 Kf6 41.h3 Ke5 42.Bf3 h4
43.g3 Bb5 44.gxh4 gxh4 45.Kxb3 Bf1 46.Bg4 Kxd5 47.Kc3 Ke4 48.Kd2 Kf4 49.Ke1 Bg2
50.Ke2 Be4 51.Kd2 Bg6 52.Ke2 Ke4 53.Kd2 Kd4 54.Bf3 Bf5 55.Bg2 Be4 56.Bxe4 Kxe4
57.Ke2 Kf4 58.Kd2 Kf3 59.Ke1 Kg2 60.f4 Kxh3 61.f5 Kg2 62.f6 h3 63.f7 h2 64.f8=Q h1=Q+
65.Kd2 Qh2 66.Qf5 Kg3+ 67.Kd3 Qh6 68.Kd4  1/2-1/2

[Event "Sokolsky mem"]
[Site "Minsk"]
[Date "1981.??.??"]
[Round "2"]
[White "Dydyshko, Viacheslav"]
[Black "Vetemaa, Juri"]
[Result "1/2-1/2"]
[WhiteElo "2445"]
[BlackElo "2285"]

1.d4 Nf6 2.c4 g6 3.Nc3 Bg7 4.e4 d6 5.Nf3 O-O 6.Be2 e5 7.O-O Nc6 8.d5 Ne7
9.Ne1 Nd7 10.Nd3 f5 11.Bd2 Nf6 12.f3 f4 13.c5 g5 14.Rc1 Ng6 15.cxd6 cxd6
16.Nb5 Rf7 17.Qc2 Ne8 18.Nf2 Bd7 19.Qc3 Bf6 20.Qb4 Qb8 21.a4 Bd8 22.Rc2 h5
23.a5 a6 24.Na3 b6 25.axb6 Bxb6 26.Nc4 Bc5 27.Qxb8 Rxb8 28.Kh1 Rg7 29.Na5 g4
30.Nc6 gxf3 31.Bxf3 Rb3 32.Rxc5 dxc5 33.Bc3 Bxc6 34.dxc6 Nd6 35.Nd3 c4 36.Nc5 Rb6
37.Nd7 Rxc6 38.Nxe5 Rc5 39.Nxg6 Rxg6 40.Bd4 Rcg5 41.Rc1 Re6 42.h4 Rb5 43.e5 Nf5
44.Rxc4 Nxd4 45.Rxd4 Rexe5 46.b4 Rf5 47.Rd6 Rxb4  1/2-1/2

[Event "Sokolsky mem"]
[Site "Minsk"]
[Date "1981.??.??"]
[Round "7"]
[White "Gavrikov, Viktor"]
[Black "Dydyshko, Viacheslav"]
[Result "1-0"]
[WhiteElo "2365"]
[BlackElo "2445"]

1.d4 Nf6 2.c4 g6 3.Nc3 Bg7 4.e4 d6 5.Nf3 O-O 6.Be2 e5 7.O-O Nc6 8.d5 Ne7
9.Nd2 c5 10.dxc6 bxc6 11.b4 d5 12.Ba3 a6 13.Re1 Ra7 14.Bf1 Rd7 15.Qa4 Qb6
16.Nb3 d4 17.Nd1 Ne8 18.Nb2 Nc7 19.Qa5 Qb8 20.Nd3 f6 21.Ndc5 Rd6 22.Na4 Re6
23.Nb6 Rd8 24.Nc5 Red6 25.Nxc8 Qxc8 26.Nb3 Ne8 27.g3 Bh6 28.Bc1 Bxc1 29.Raxc1 Nc7
30.a4 Rf8 31.b5  1-0

[Event "Sokolsky mem"]
[Site "Minsk"]
[Date "1981.??.??"]
[Round "11"]
[White "Gavrikov, Viktor"]
[Black "Litvinov, V."]
[Result "1/2-1/2"]
[WhiteElo "2365"]
[BlackElo "2365"]

1.d4 Nf6 2.c4 g6 3.Nc3 Bg7 4.e4 O-O 5.Nf3 d6 6.Be2 e5 7.O-O Nc6 8.d5 Ne7
9.Nd2 c5 10.dxc6 bxc6 11.b4 d5 12.Ba3 Qc7 13.cxd5 cxd5 14.Rc1 d4 15.Na4 Qb8
16.b5 Re8 17.Nc5 Bh6 18.Rb1 Bb7 19.Bd3 Nc8 20.Na6 Bxa6 21.bxa6 Nb6 22.Nc4 Re6
23.Qf3 Nfd7 24.Nxb6 Nxb6 25.Qh3 Kg7 26.g3 Qc7 27.f4 exf4 28.Bc1 Rae8 29.gxf4 Rc6
30.Bd2 Nc4 31.Bxc4 Rxc4 32.Rb7 Qc6 33.e5 Rc2 34.Qd3 Rxa2 35.Rxa7 Qd5 36.Rc7 Rxe5
37.Rxf7+ Kxf7 38.fxe5+ Ke8 39.Qh3 Rxd2 40.Qc8+ Ke7 41.Qc7+ Ke8 42.Qc8+ Ke7
43.Qc7+  1/2-1/2

[Event "Montreal zt"]
[Site "Montreal"]
[Date "1981.??.??"]
[Round "?"]
[White "Taylor, Gordon"]
[Black "Murray, Peter"]
[Result "1-0"]
[WhiteElo "2250"]
[BlackElo "2330"]

1.d4 Nf6 2.c4 g6 3.Nc3 Bg7 4.e4 d6 5.Be2 O-O 6.Nf3 e5 7.O-O Nc6 8.d5 Ne7
9.Ne1 Nd7 10.Nd3 f5 11.Bd2 Nf6 12.f3 f4 13.c5 g5 14.Rc1 Ng6 15.cxd6 cxd6
16.Nb5 Rf7 17.Qc2 Ne8 18.a4 h5 19.Nf2 Bh6 20.h3 Nh4 21.Qd1 Nf6 22.Rc3 a6
23.Na3 g4 24.fxg4 Rg7 25.Be1 hxg4 26.hxg4 Bg5 27.a5 Bd7 28.Nc4 Bb5 29.Nb6 Bxe2
30.Qxe2 f3 31.gxf3 Nh5 32.Nh3 Rb8 33.Nxg5 Qxg5 34.Qh2 Nxf3+ 35.Rfxf3 Qxg4+
36.Kf1 Rf8 37.Rxf8+ Kxf8 38.Rc8+ Kf7 39.Rc7+ Kg8 40.Rxg7+ Nxg7 41.Qh4 Qf3+
42.Bf2 Qd1+ 43.Kg2 Nh5 44.Nd7 Kf7 45.Be3 Qe2+ 46.Qf2+ Nf4+ 47.Bxf4 Qxe4+
48.Qf3 Qg6+ 49.Bg3+  1-0

[Event "Montreal zt"]
[Site "Montreal"]
[Date "1981.??.??"]
[Round "?"]
[White "Taylor, Gordon"]
[Black "Pelts, Roman"]
[Result "1/2-1/2"]
[WhiteElo "2250"]
[BlackElo "2435"]

1.d4 Nf6 2.c4 g6 3.Nc3 Bg7 4.e4 d6 5.Be2 O-O 6.Nf3 e5 7.O-O Nc6 8.d5 Ne7
9.Ne1 Nd7 10.Nd3 f5 11.Bd2 Nf6 12.f3 f4 13.c5 g5 14.Rc1 Ng6 15.cxd6 cxd6
16.Nb5 Ne8 17.Qc2 Bd7 18.a4 Rf7 19.Qb3 h5 20.Nf2 Bf8 21.Rc3 Rg7 22.h3 a6
23.Na3 Nf6 24.Qd1 Nh8 25.a5 Nf7 26.Nc4 Bb5 27.Nb6 Bxe2 28.Qxe2 Rb8 29.Rfc1 g4
30.hxg4 hxg4 31.fxg4 Nh6 32.Rh3 Nfxg4 33.Nxg4 Nxg4 34.Rcc3 Qg5 35.Rh1 Nf6
36.Qf3 Qg6 37.Rc4 Re8 38.Be1 Ng4 39.Bd2 Ree7 40.Rh4 Nf6 41.Bb4 Rh7 42.Rxh7 Rxh7
43.Nc8 Nh5 44.Be1 Qg5 45.Rc3 Nf6 46.Nb6 Qh6 47.Bd2 Qh2+ 48.Kf1 Rg7 49.Qh3 Qxh3
50.Rxh3 Nxe4 51.Bb4 Rc7 52.Rb3 Rc2 53.Be1 Nc5 54.Rb4 Nd3 55.Rc4 Nxe1 56.Kxe1 Rxg2
57.Rc8 Kf7 58.Rc7+ Kg6 59.Nc4 f3 60.Rxb7 e4 61.Rb6 e3 62.Ne5+ Kf5 63.Nxf3 Ke4
64.Nh4 Rc2 65.Rb4+ Kxd5 66.Nf5 Ke5 67.Nxe3 Rc5 68.Rb8 Be7 69.b4 Rc1+ 70.Kd2 Ra1
71.Re8 Ke6 72.Nf5 Kxf5 73.Rxe7 d5 74.Kc3 Rc1+ 75.Kb2 Rc6 76.Rb7 Ke6 77.b5 axb5
78.Rxb5 d4 79.Rb6 Rxb6+ 80.axb6 Kd6 81.Kc2 Kc6 82.Kd3 Kxb6 83.Kxd4  1/2-1/2

[Event "Montreal zt"]
[Site "Montreal"]
[Date "1981.??.??"]
[Round "?"]
[White "Spraggett, Kevin"]
[Black "Murray, Peter"]
[Result "1-0"]
[WhiteElo "2450"]
[BlackElo "2330"]

1.d4 Nf6 2.c4 g6 3.Nc3 Bg7 4.e4 d6 5.Be2 O-O 6.Nf3 e5 7.O-O Nc6 8.d5 Ne7
9.Nd2 c5 10.dxc6 bxc6 11.b4 d5 12.Ba3 d4 13.Na4 Nd7 14.b5 Bb7 15.Re1 Rc8
16.Bd3 Re8 17.Nb3 Kh8 18.Nbc5 Nxc5 19.Nxc5 Ba8 20.Qa4 Qb6 21.Qb4 Qc7 22.Rab1 cxb5
23.cxb5 Ng8 24.Qb3 Bf8 25.Rec1 Qe7 26.Rc2 Nh6 27.Bb4 f5 28.Na6 Qd7 29.Bxf8 Rxf8
30.Nc5 Qe7 31.Rbc1 Rfe8 32.h3 Rc7 33.f3 Rec8 34.Na6 Rxc2 35.Rxc2 Qd7 36.a4 Kg7
37.Nc5 Qe8 38.a5 Kh8 39.b6 axb6 40.axb6 fxe4 41.fxe4 Nf7 42.b7 Bxb7 43.Qxb7 Rb8
44.Qd5 Rb1+ 45.Kh2 Ng5 46.Rf2 Qe7 47.Bxb1  1-0

[Event "Nis"]
[Site "Nis"]
[Date "1981.??.??"]
[Round "11"]
[White "Sahovic, Dragutin"]
[Black "Georgiev, Krum"]
[Result "1/2-1/2"]
[WhiteElo "2425"]
[BlackElo "2485"]

1.d4 Nf6 2.c4 g6 3.Nc3 Bg7 4.e4 O-O 5.Nf3 d6 6.Be2 e5 7.O-O Nc6 8.d5 Ne7
9.b4 Nh5 10.g3 f5 11.Bb2 Nf6 12.Nd2 h6 13.Bf3 a5 14.bxa5 Rxa5 15.Nb3 Ra8
16.a4 b6 17.a5 Ba6  1/2-1/2

[Event "Pamporovo"]
[Site "Pamporovo"]
[Date "1981.??.??"]
[Round "5"]
[White "Spassov, Liuben"]
[Black "Danailov, Silvio"]
[Result "1-0"]
[WhiteElo "2460"]
[BlackElo "2310"]

1.Nf3 g6 2.d4 Bg7 3.c4 d6 4.Nc3 Nf6 5.e4 O-O 6.Be2 e5 7.O-O Nc6 8.d5 Ne7
9.Ne1 Nd7 10.Nd3 f5 11.Bd2 Nf6 12.f3 f4 13.c5 g5 14.cxd6 cxd6 15.Nf2 h5 16.h3 Ng6
17.Qc2 Rf7 18.Rfc1 a6 19.a4 g4 20.fxg4 hxg4 21.hxg4 Bf8 22.a5 b5 23.axb6 Qxb6
24.Na4 Qa7 25.Ba5 Rb8 26.g5 f3 27.Bxf3 Ng4 28.Qd2 Rh7 29.Bb6 Rxb6 30.Rxc8 Rxb2
31.Qxb2 Nxf2 32.Qb6 Rh1+ 33.Kxf2 Qxb6+ 34.Nxb6 Rxa1 35.Bg4 Kg7 36.Rc7+ Kh8
37.Bf5 Nf4 38.g3 Ra2+ 39.Kf3 Ra3+ 40.Kg4 Ne2 41.g6  1-0

[Event "Pamporovo"]
[Site "Pamporovo"]
[Date "1981.??.??"]
[Round "12"]
[White "Lukacs, Peter"]
[Black "Danailov, Silvio"]
[Result "1-0"]
[WhiteElo "2465"]
[BlackElo "2310"]

1.d4 g6 2.c4 Bg7 3.Nc3 d6 4.e4 Nf6 5.Be2 O-O 6.Nf3 e5 7.O-O Nc6 8.d5 Ne7
9.Ne1 Nd7 10.f3 f5 11.g4 Nf6 12.Nd3 h6 13.h4 c5 14.Bd2 Bd7 15.Kg2 a6 16.Nf2 Rb8
17.a3 Kh8 18.b4 b6 19.Rb1 Ne8 20.Rh1 f4 21.h5 Nc8 22.Nd3 Qe7 23.Qg1 Ra8 24.Be1 Bf6
25.hxg6 Kg7 26.Bd1 Kxg6 27.Kf1 Kg7 28.Ba4 Bxa4 29.Nxa4 Qd7 30.Nc3 Qc7 31.Qh2 Bg5
32.Bh4 Bxh4 33.Qxh4 Rh8 34.bxc5 bxc5 35.Rh2 Ra7 36.Rhb2 Nf6 37.Ne2 Nh7 38.Qh5 Ng5
39.Kf2 Rf8 40.Rb3 Qa5 41.Nc3 Qc7 42.Ne1 Qf7 43.Qxf7+ Rfxf7 44.Rb8 Rfc7 45.Ng2 Nf7
46.Nh4 Kh7 47.Nf5 Kg6 48.Na4 Kh7 49.Nb6 Rab7 50.Nxc8 Rxb1 51.Rxb1 Rxc8 52.Rb7  1-0

[Event "Pernik"]
[Site "Pernik"]
[Date "1981.??.??"]
[Round "12"]
[White "Inkiov, Ventzislav"]
[Black "Chevaldonnet, Francois"]
[Result "1-0"]
[WhiteElo "2445"]
[BlackElo "2305"]

1.d4 Nf6 2.c4 g6 3.Nc3 Bg7 4.e4 d6 5.Nf3 O-O 6.Be2 e5 7.O-O Nc6 8.d5 Ne7
9.Ne1 Nd7 10.Nd3 f5 11.Bd2 Nf6 12.f3 f4 13.c5 g5 14.cxd6 cxd6 15.Nf2 h5 16.h3 Rf7
17.a4 Bf8 18.Qc2 Rg7 19.Nb5 Ng6 20.Rfc1 Ne8 21.Ra3 Bd7 22.Rc3 a6 23.Na3  1-0

[Event "BUL-ch"]
[Site "Sofia"]
[Date "1981.??.??"]
[Round "8"]
[White "Ermenkov, Evgenij"]
[Black "Georgiev, Krum"]
[Result "1/2-1/2"]
[WhiteElo "2490"]
[BlackElo "2485"]

1.d4 Nf6 2.Nf3 g6 3.c4 Bg7 4.Nc3 O-O 5.e4 d6 6.Be2 e5 7.O-O Nc6 8.d5 Ne7
9.Ne1 Nd7 10.f3 f5 11.g4 Kh8 12.Ng2 Ng8 13.h4 a5 14.Be3 Bh6 15.Bxh6 Nxh6
16.exf5 gxf5 17.g5 Nf7 18.f4 Rg8 19.Bh5 Rg7 20.Qd2 exf4 21.Bxf7 Rxf7 22.Qd4+ Ne5
23.Rxf4 Bd7 24.Raf1 Rg7 25.Nd1 h6 26.gxh6 Rg6 27.Ne3 Qf6 28.R1f2 Rag8 29.Kf1 Rg3
30.Ne1 Rg1+ 31.Ke2 Re8 32.Nf3 Rb1 33.Rf1 Rxf1 34.Kxf1 Qxh6 35.Ng5 Rf8 36.Rf2 Kg8
37.Ng2 Qh5 38.Ne3 Qh6 39.Kg1 Qf6 40.Ng2 b6 41.Nf4 Qh6 42.Nfe6  1/2-1/2

[Event "Tallinn"]
[Site "Tallinn"]
[Date "1981.??.??"]
[Round "10"]
[White "Ftacnik, Lubomir"]
[Black "Gufeld, Eduard"]
[Result "1-0"]
[WhiteElo "2520"]
[BlackElo "2515"]

1.d4 Nf6 2.c4 g6 3.Nc3 Bg7 4.e4 d6 5.Nf3 O-O 6.Be2 e5 7.O-O Nc6 8.d5 Ne7
9.Ne1 Nd7 10.Nd3 f5 11.Bd2 Nf6 12.f3 f4 13.c5 c6 14.cxd6 Qxd6 15.dxc6 Nxc6
16.Nb5 Qe7 17.Nb4 Be6 18.Nxc6 bxc6 19.Na3 Qc5+ 20.Kh1 Nh5 21.Bc4 Bxc4 22.Qc2 Qe7
23.Qxc4+ Rf7 24.Rfd1 Bf8 25.Be1 Rc8 26.Rd3 Rd8 27.Rad1 Rxd3 28.Qxd3 Nf6 29.Nc4 Qe6
30.Qc3 Nd7 31.Bf2 a6 32.b3 g5 33.Na5 Nb8 34.Qc4 Qxc4 35.Nxc4 Rd7 36.Rc1 c5
37.Nxe5 Rd2 38.Kg1 Bg7 39.Be1 Rxa2 40.Rxc5 Nd7 41.Nxd7 Bd4+ 42.Kf1 Bxc5 43.Nxc5 Kf7
44.h4 h6 45.hxg5 hxg5 46.b4 Ke7 47.e5 Kf7 48.Ne4 Ke6 49.Nxg5+ Kxe5 50.Ne4 Kd4
51.Bd2 Kc4 52.Ke2 Ra1 53.Ng5 Rg1 54.Kf2 Rd1 55.Be1 Rd5 56.Ne6 Rf5 57.Bd2 Rd5
58.Bxf4 Kxb4 59.Nc7 Rf5 60.Bd2+ Kc4 61.Nxa6 Kd3 62.Be3 Ra5 63.Nc5+ Rxc5 64.Bxc5  1-0

[Event "Tallinn"]
[Site "Tallinn"]
[Date "1981.??.??"]
[Round "14"]
[White "Karner, Hillar"]
[Black "Veingold, Aleksandr"]
[Result "0-1"]
[WhiteElo "2410"]
[BlackElo "2445"]

1.Nf3 Nf6 2.c4 g6 3.Nc3 Bg7 4.e4 d6 5.d4 O-O 6.Be2 e5 7.O-O Nc6 8.d5 Ne7
9.Ne1 Nd7 10.Nd3 f5 11.f3 f4 12.Bd2 g5 13.Rc1 Rf6 14.b4 Rg6 15.c5 Nf6 16.Nf2 h5
17.h3 a6 18.a4 Kh7 19.a5 Neg8 20.cxd6 Qxd6 21.Na4 g4 22.hxg4 hxg4 23.fxg4 Nh6
24.Qc2 Ne8 25.Nc5 Bf6 26.Qa4 Ng7 27.Rc3 Bh4 28.Rh3 Bxf2+ 29.Kxf2 Kg8 30.Rfh1 b6
31.Nd3 Bxg4 32.Bxg4 Nxg4+ 33.Kf1 Kf7 34.axb6 cxb6 35.Qa1 Rg5 36.Qc3 Nf6 37.Rh6 Re8
38.Qc4 Ngh5 39.Be1 Kg7 40.R1xh5 Rxh5 41.Rxh5 Nxh5 42.Qxa6 Nf6 43.Qc4 Ng4
44.Ke2 Qg6 45.Nf2 Ra8 46.Bc3 b5 47.Qb3 Kh7 48.Bb2 Ne3 49.g3 fxg3 50.Qxe3 g2
51.Nh3 Ra2 52.Kd3 Rxb2 53.Ng5+ Kg8 54.Qc1 Rb3+ 55.Ke2 Qh5+ 56.Kf2 Qh4+  0-1

[Event "Tirnava"]
[Site "Trnava"]
[Date "1981.??.??"]
[Round "6"]
[White "Cvetkovic, Srdjan"]
[Black "Pavlov, Mircea"]
[Result "1-0"]
[WhiteElo "2410"]
[BlackElo "2415"]

1.c4 g6 2.e4 Bg7 3.d4 d6 4.Nc3 Nf6 5.Be2 O-O 6.Nf3 e5 7.O-O Nc6 8.d5 Ne7
9.Ne1 Nd7 10.Bd2 f5 11.Nd3 Nf6 12.f3 f4 13.c5 c6 14.cxd6 Qxd6 15.dxc6 Nxc6
16.Nb5 Qd8 17.Nb4 Be6 18.Be1 Rf7 19.Qxd8+ Rxd8 20.Nxc6 bxc6 21.Na3 Bf8 22.Bc4 Bc5+
23.Bf2 Bxf2+ 24.Rxf2 Re7 25.Bxe6+ Rxe6 26.Nc4 Rd4 27.Rc1 g5 28.Na5 Ra4 29.Rxc6 Kf7
30.Rc7+ Kg6 31.Nc6 Rxa2 32.Ne7+ Kh5 33.Nf5 Ra1+ 34.Rf1 Rxf1+ 35.Kxf1 Rb6
36.Rxa7 Rxb2 37.h3 Rb5 38.Kf2 Rc5 39.Rg7 Rc2+ 40.Kg1 Rc5 41.Kh2 Ra5 42.Rb7 Ra1
43.Rb5 Kg6 44.Rxe5 h5 45.Ne7+ Kh6 46.Rf5 Nd7 47.h4 gxh4 48.Rxf4 Ne5 49.Rf6+ Kg7
50.Rf5 Nd3 51.Rxh5 Ra2 52.Nf5+ Kg6 53.Rh8 h3 54.Kxh3 Nf4+ 55.Kg3 Nh5+ 56.Kh2 Nf4
57.Rg8+ Kf6 58.Ne3 Ke5 59.Rg5+  1-0